| 000 | 00388nam a22001577a 4500 | ||
|---|---|---|---|
| 003 | OSt | ||
| 005 | 20211109092803.0 | ||
| 008 | 211109b |||||||| |||| 00| 0 eng d | ||
| 040 | _cHAWASSA UNIVERSITY | ||
| 050 |
_a636.0896/UNI _b1 |
||
| 082 |
_a636.0896/UNI _b1 |
||
| 245 | _aTHE OCCURRNCE OF TUMOSRS IN DOMETIC ANIMALS | ||
| 260 |
_aU.S _c1980 |
||
| 300 | _a210 | ||
| 942 |
_2ddc _cBOOKS _n0 |
||
| 999 |
_c17207 _d17207 |
||